Patrick Leahy Burlington Int. Destinations (Burlington, VT, USA) - Statistics

General Stats
  • This quiz has been taken 50 times
    22 since last reset
  • The average score is 15 of 17
Answer Stats
Airline Destination % Correct
Delta Air Lines Atlanta
100%
American Eagle/United Airlines Chicago (O'Hare)
100%
United Express Washington (Dulles)
100%
American Airlines/American Eagle Washington (National)
100%
United Airlines Denver
93%
Delta Air Lines/Sun Country Airlines Minneapolis/St. Paul
93%
Delta Connection New York (JFK)
93%
American Eagle/Delta Connection New York (LaGuardia)
93%
Breeze Airways/Frontier Airlines Orlando
93%
American Airlines/American Eagle Philadelphia
93%
American Airlines/American Eagle Charlotte
86%
United Airlines/United Express Newark
86%
Delta Connection Detroit
79%
Breeze Airways Fort Myers
79%
Breeze Airways/Frontier Airlines Tampa
71%
Breeze Airways Charleston (SC)
57%
Breeze Airways Raleigh/Durham
43%
No matching quizzes found
Score Distribution
Percent of People with Each Score
Percentile by Number Answered
Your Score History
You have not taken this quiz since the last reset